Alt-J - Taro lyrics - Statistics

General Stats
  • This quiz has been taken 20 times
  • The average score is 100 of 177
Answer Stats
LYRICS % Correct
Taro
100%
Taro!
100%
I
93%
Capa
86%
Indochina
86%
ohh
86%
Ohh
86%
record
86%
to
86%
A
79%
a
79%
Do
79%
from
79%
From
79%
my
79%
ohh
79%
photo
79%
road
79%
war
79%
you
79%
3:10 PM
71%
3.1415
71%
jumps
71%
feet
71%
his
71%
Le
71%
no
71%
the
71%
two
71%
creep
64%
est
64%
eyes
64%
Jeep
64%
advance
57%
and
57%
enemy
57%
five
57%
flash
57%
foe
57%
hey
57%
into
57%
lumps
57%
meat
57%
Mine
57%
mort
57%
not
57%
Photographe
57%
pit
57%
They
57%
up
57%
Very
57%
white
57%
amour
50%
as
50%
chance
50%
does
50%
friend
50%
hand
50%
have
50%
is
50%
lands
50%
longer
50%
spray
50%
watery
50%
what
50%
with
50%
yards
50%
yellow
50%
burst
43%
colleague
43%
finally
43%
for
43%
high
43%
leg
43%
like
43%
medic
43%
reunited
43%
so
43%
sprayed
43%
'54
36%
alive
36%
all
36%
death
36%
distance
36%
grasps
36%
gray
36%
grips
36%
last
36%
left
36%
light
36%
limbs
36%
mass
36%
of
36%
rags
36%
rips
36%
tears
36%
violent
36%
wrench
36%
body
29%
cares
29%
chokes
29%
closeness
29%
colours
29%
dark
29%
dots
29%
glaze
29%
great
29%
him
29%
home
29%
immense
29%
may
29%
nothing
29%
Painless
29%
painless
29%
Pends
29%
quivers
29%
rattles
29%
shriveled
29%
after
21%
arms
21%
Doors
21%
love
21%
open
21%
faded
14%
sticken
14%
No matching quizzes found
Score Distribution
Percent of People with Each Score
Percentile by Number Answered
Your Score History
You have not taken this quiz